Normal view
MARC view
- Wok cooking
Entry Topical Term
001 - CONTROL NUMBER
- control field: 151166
003 - CONTROL NUMBER IDENTIFIER
- control field: DLC
005 - DATE AND TIME OF LATEST TRANSACTION
- control field: 20251216111202.0
008 - FIXED-LENGTH DATA ELEMENTS
- fixed length control field: 100302i| anannbabn |a ana
010 ## - LIBRARY OF CONGRESS CONTROL NUMBER
- LC control number: sh 85147212
035 ## - SYSTEM CONTROL NUMBER
- System control number: (DLC)sh 85147212
035 ## - SYSTEM CONTROL NUMBER
- System control number: (DLC)8194876
035 ## - SYSTEM CONTROL NUMBER
- System control number: (DLC)sp 85147212
035 ## - SYSTEM CONTROL NUMBER
- System control number: (DLC)462533
040 ## - CATALOGING SOURCE
- Original cataloging agency: DLC
- Language of cataloging: eng
- Description conventions: rda
- Transcribing agency: DLC
- Modifying agency: DLC
- Modifying agency: TR-AnTOB
053 #0 - LC CLASSIFICATION NUMBER
- Classification number element--single number or beginning number of span: TX840.W65
- Explanatory term: General cooking
150 ## - HEADING--TOPICAL TERM
- Topical term or geographic name entry element: Wok cooking
450 ## - SEE FROM TRACING--TOPICAL TERM
- Control subfield: nne
- Topical term or geographic name entry element: Wok cookery
450 ## - SEE FROM TRACING--TOPICAL TERM
- Topical term or geographic name entry element: Wok pişirme
450 ## - SEE FROM TRACING--TOPICAL TERM
- Topical term or geographic name entry element: Wok aşcılığı
550 ## - SEE ALSO FROM TRACING--TOPICAL TERM
- Control subfield: g
- Topical term or geographic name entry element: Cooking, Chinese
550 ## - SEE ALSO FROM TRACING--TOPICAL TERM
- Control subfield: g
- Topical term or geographic name entry element: Frying
550 ## - SEE ALSO FROM TRACING--TOPICAL TERM
- Control subfield: g
- Topical term or geographic name entry element: Steaming (Cooking)
688 ## - APPLICATION HISTORY NOTE
- Institution to which field applies: TR-AnTOB
- Application history note: ET 16.12.2025
750 ## - ESTABLISHED HEADING LINKING ENTRY--TOPICAL TERM
- Authority record control number or standard number: https://lccn.loc.gov/sh85147212
- Source of heading or term: lsch



